<?xml version="1.0" encoding="UTF-8"?>
<record
    xmlns:xsi="http://www.w3.org/2001/XMLSchema-instance"
    xsi:schemaLocation="http://www.loc.gov/MARC21/slim http://www.loc.gov/standards/marcxml/schema/MARC21slim.xsd"
    xmlns="http://www.loc.gov/MARC21/slim">

  <leader>01383nam a2200181 a 4500</leader>
  <controlfield tag="001">ASIN1842654020</controlfield>
  <controlfield tag="005">20140611101527.0</controlfield>
  <controlfield tag="008">140611s2007    xxu                 eng d</controlfield>
  <datafield tag="020" ind1=" " ind2=" ">
    <subfield code="a">1842654020 (hardcover)</subfield>
    <subfield code="c">$98.00</subfield>
  </datafield>
  <datafield tag="020" ind1=" " ind2=" ">
    <subfield code="a">9781842654026 (hardcover)</subfield>
  </datafield>
  <datafield tag="100" ind1="1" ind2=" ">
    <subfield code="a">Bhat, R. B.</subfield>
  </datafield>
  <datafield tag="245" ind1="1" ind2="0">
    <subfield code="a">Numerical analysis in engineering, revised ed /</subfield>
    <subfield code="c">R. B. Bhat.</subfield>
  </datafield>
  <datafield tag="250" ind1=" " ind2=" ">
    <subfield code="a">1 Revised.</subfield>
  </datafield>
  <datafield tag="260" ind1=" " ind2=" ">
    <subfield code="a">[S.l.] :</subfield>
    <subfield code="b">Alpha Science Int'l Ltd,</subfield>
    <subfield code="c">2007.</subfield>
  </datafield>
  <datafield tag="300" ind1=" " ind2=" ">
    <subfield code="a">330 p. ;</subfield>
    <subfield code="c">25 cm.</subfield>
  </datafield>
  <datafield tag="520" ind1=" " ind2=" ">
    <subfield code="a">"Numerical Analysis in Engineering" deals with the methods of obtaining numerical solutions to engineering problems. The topics discussed are normally covered in undergraduate engineering programs. These include an introduction to digital computers, function representation using Taylor's series, error considerations in iterative type computations, searching for roots of equations in a single variable, solution of simultaneous equations, function approximation and interpolation, numerical integration and differentiation, matrix eigenvalue problems, solution of nonlinear system of equations, and solution of ordinary and partial differential equations. Advanced topics such as the generation of boundary characteristic orthogonal polynomials, boundary value problems have also been dealt with.</subfield>
  </datafield>
  <datafield tag="856" ind1="4" ind2="0">
    <subfield code="3">Amazon.com</subfield>
    <subfield code="u">http://www.amazon.com/exec/obidos/ASIN/1842654020/chopaconline-20</subfield>
  </datafield>
  <datafield tag="999" ind1=" " ind2=" ">
    <subfield code="c">6188</subfield>
    <subfield code="d">6188</subfield>
  </datafield>
  <datafield tag="952" ind1=" " ind2=" ">
    <subfield code="0">0</subfield>
    <subfield code="1">0</subfield>
    <subfield code="4">0</subfield>
    <subfield code="7">0</subfield>
    <subfield code="a">QUESTCL</subfield>
    <subfield code="b">ST</subfield>
    <subfield code="d">2014-06-11</subfield>
    <subfield code="g">650.00</subfield>
    <subfield code="l">1</subfield>
    <subfield code="o">511.8BHA</subfield>
    <subfield code="p">42350</subfield>
    <subfield code="r">2018-11-08 00:00:00</subfield>
    <subfield code="s">2016-08-09</subfield>
    <subfield code="y">BK</subfield>
  </datafield>
</record>
